Guess the Release Year of These 80s Songs! - Statistics

General Stats
  • This quiz has been taken 12 times
  • The average score is 16 of 30
Answer Stats
Question Answer % Correct
"Don't Stop Believin'" by Journey 1982
75%
"Material Girl" by Madonna 1984
75%
"The Final Countdown" by Europe 1986
75%
"Sweet Child O' Mine" by Guns N Roses 1987
75%
"Beat It" by Michael Jackson 1982
67%
"Girls Just Want to Have Fun" by Cyndi Lauper 1983
67%
"Jump" by Van Halen 1984
67%
"When Doves Cry" by Prince 1984
67%
"Livin' On a Prayer" by Bon Jovi 1986
67%
"I Wanna Dance with Somebody (Who Loves Me)" by Whitney Houston 1987
67%
"Straight Up" by Paula Abdul 1988
67%
"Africa" by TOTO 1982
58%
"Don't You (Forget About Me)" by Simple Minds 1985
58%
"It's Still Rock and Rock to Me" by Billy Joel 1980
50%
"Hungry Like the Wolf" by Duran Duran 1982
50%
"Down Under" by Men At Work 1982
50%
"Sweet Dreams (Are Made of These)" by the Eurythmics 1983
50%
"I'm Still Standing" by Elton John 1983
50%
"Relax" by Frankie Goes To Hollywood 1984
50%
"Wake Me Up Before You Go-Go" by Wham! 1984
50%
"Everybody Wants to Rule the World" by Tears For Fears 1985
50%
"Take on Me" by a-ha 1985
50%
"Walk Like an Egyptian" by The Bangles 1986
50%
"Jessie's Girl" by Rick Springfield 1981
42%
"Born in the U.S.A." by Bruce Springsteen 1984
42%
"Kickstart My Heart" by Mötley Crüe 1989
42%
"Every Little Thing She Does Is Magic" by The Police 1982
33%
"Money for Nothing" by Dire Straits 1985
25%
"Rockin' in the Free World" by Neil Young 1989
25%
"You Make My Dreams (Come True)" by Hall & Oates 1980
17%
No matching quizzes found
Score Distribution
Percent of People with Each Score
Percentile by Number Answered
Your Score History
You have not taken this quiz